000 01005cam a2200205 4500
001 X117214
008 020322n2002 000 0 eng u
035 _a(Sirsi) u117214
245 _aJ S Bloor (Northampton) Ltd and another v Warwickshire CC
260 _c2002
490 _aEstates Gazette Case Summaries
_v[2002] 11 EG 152 (CS)
520 _aQBD, 1 March 2002. Claimants applying for residential development - new structure plan adopted - proposed development no longer in accordance with development plan - claimants objecting to policy in structure plan - whether decision to adopt structure plan perverse - whether explanatory memorandum explaining policy was lawful - Town and Country Planning Act 1990 s32 and s287.
650 _aJ S BLOOR (NORTHAMPTON) LTD V WARWICKSHIRE CC
650 _aTOWN AND COUNTRY PLANNING ACT 1990
650 _aSTRUCTURE PLANS
650 _aDEVELOPMENT PLANS
650 _aRESIDENTIAL DEVELOPMENT
690 _aPlanning and development
_96259
942 _n0
999 _c69831
_d69831